Terms of trade na príklade Slovenskej republiky bakalárska práca

Guardado en:
Detalles Bibliográficos
Autor principal: Kopecká, Lenka
Autor Corporativo: Obchodná fakulta EU. Katedra medzinárodného obchodu
Otros Autores: Zábojník, Stanislav, 1984-
Formato: Libro
Lenguaje:eslovaco
Publicado: Bratislava 2009
Etiquetas: Agregar Etiqueta
Sin Etiquetas, Sea el primero en etiquetar este registro!

MARC

LEADER 00000nam$a2200000$$$4500
001 0103484
005 20240318133906.9
041 0 |a slo 
044 |a SK 
245 1 0 |a Terms of trade na príklade Slovenskej republiky  |b bakalárska práca  |c Lenka Kopecká ; škol. Stanislav Zábojník 
264 1 |a Bratislava  |c 2009 
300 |a 60 s. 
100 1 |a Kopecká, Lenka 
700 1 |a Zábojník, Stanislav, 1984- 
710 2 |a Obchodná fakulta EU. Katedra medzinárodného obchodu